000 00453nmm a2200157Ia 4500
008 251105s9999||||xx |||||||||||||||||und||
020 _a9788489333048
041 _aspa
100 _aPerls, Fritz
245 0 _aSueños y existencia : terapia gestáltica
264 _a[Santiago de Chile, Chile] :
_bCuatro Vientos,
_c2013
300 _a285 páginas
650 _aPsychology
856 _uhttps://public.digitaliapublishing.com/a/21350
942 _cCF
999 _c87062
_d87062